Worst Pandemics in History - Statistics

General Stats
  • This quiz has been taken 428 times
  • The average score is 5 of 11
Answer Stats
Hint Answer % Correct
New/Bonus COVID-19 coronavirus
92%
1346-1353 Black Death (Bubonic Plague)
89%
1918 'Spanish' 'flu
86%
Ongoing HIV/AIDS
62%
1910-1911 Sixth Cholera
39%
1852-1860 Third Cholera
39%
541-542 Plague of Justinian
26%
1889-1890 Influenza
23%
1968 'Hong Kong' 'flu
15%
1956-1958 Asian 'flu
13%
165 AD Antonine Plague
10%
No matching quizzes found
Score Distribution
Percent of People with Each Score
Percentile by Number Answered
Your Score History
You have not taken this quiz